00295nam a2200121Ia 4500008004100000100001100041245001800052260004900070300000800119650002200127942000700149999001700156190216s9999||||xx |||||||||||||| ||und|| aAntony 0aMooshikastree bSahithya Pravarthaka Sahakarana Sangamc1980 a78p aMalayalam Nadakam cBK c25881d25881